Crafty renovations (Record no. 74764)

MARC details
000 -LEADER
fixed length control field 00884cab a2200217 4500
001 - CONTROL NUMBER
control field ABS68688
008 - FIXED-LENGTH DATA ELEMENTS--GENERAL INFORMATION
fixed length control field 050126n2005 000 0 eng u
035 ## - SYSTEM CONTROL NUMBER
System control number (Sirsi) u128623
100 ## - MAIN ENTRY--PERSONAL NAME
Personal name Sharma, H.
245 ## - TITLE STATEMENT
Title Crafty renovations
260 ## - PUBLICATION, DISTRIBUTION, ETC.
Date of publication, distribution, etc. 2005
490 ## - SERIES STATEMENT
Series statement Taxation
Volume/sequential designation 154(3989) 6 January 2005, 320-321(2)
520 ## - SUMMARY, ETC.
Summary, etc. Reviews the business premises renovation allowance, a government scheme aimed at rejuvenating business premises in designated disadvantaged areas. The allowance will provide 100% first year allowances for the capital costs incurred by businesses converting or renovating premises. No firm date has been given for the introduction of this scheme.
590 ## - LOCAL NOTE (RLIN)
Local note ABS
650 ## - SUBJECT ADDED ENTRY--TOPICAL TERM
Topical term or geographic name entry element BUSINESS PREMISES RENOVATION ALLOWANCE
650 ## - SUBJECT ADDED ENTRY--TOPICAL TERM
Topical term or geographic name entry element RENOVATION
650 ## - SUBJECT ADDED ENTRY--TOPICAL TERM
Topical term or geographic name entry element COMMERICAL PROPERTY
650 ## - SUBJECT ADDED ENTRY--TOPICAL TERM
Topical term or geographic name entry element BUSINESS PREMISES
690 ## - LOCAL SUBJECT ADDED ENTRY--TOPICAL TERM (OCLC, RLIN)
Topical term or geographic name as entry element TAXATION
942 ## - ADDED ENTRY ELEMENTS (KOHA)
Suppress in OPAC 0
Holdings
Withdrawn status Lost status Source of classification or shelving scheme Damaged status Not for loan Home library Current library Shelving location Date acquired Total Checkouts Full call number Barcode Date last seen Copy number Price effective from Koha item type
    Dewey Decimal Classification     London London Journal article 26/01/2005   ABS68688 128623-1001 06/08/2019 1 06/08/2019 Journal article